[Event "VII Famalicao Open 2019"]
[Site "Famalicao"]
[Date "2019.07.31"]
[Round "6.3"]
[White "Tadevosyan, Aspet"]
[Black "Cori T., Deysi"]
[Result "1-0"]
[WhiteElo "2144"]
[BlackElo "2405"]
[Annotator "TA"]
[PlyCount "75"]
[EventDate "2019.07.28"]
[EventType "swiss"]
[EventCountry "POR"]
[SourceTitle "playchess.com"]
[Source "ChessBase"]
[SourceQuality "1"]

{[%evp 10,75,10,15,39,37,37,37,40,39,47,60,52,48,57,47,48,29,80,76,63,72,110,108,102,98,108,100,110,106,123,122,112,123,131,104,215,152,154,0,160,0,147,153,256,254,243,192,358,336,402,405,399,394,358,337,524,495,484,265,266,181,662,652,736,729,696,712]} 1. d4 Nf6 2. c4 e6 3. Nc3 d5 4. cxd5 exd5 5. Bg5 c6 6. e3 g6 {D35: Queen's Gambit Declined: Exchange Variation} (6... Be7 7. Bd3 Nbd7 8. h3 Nf8 9. Qc2 Ne6 10. Bh4 g6 11. Nge2 Ng7 12. f3 O-O 13. O-O-O b5 14. g4 a5 15. Nf4 a4 {1-0 (60) So,W (2762)-Lenderman,A (2637) Saint Louis 2019}) 7. Bd3 Bg7 8. h3 O-O {White is slightly better.} 9. Nf3 Qb6 $146 ({Predecessor:} 9... h6 10. Bf4 Qe7 11. O-O Nbd7 12. Nd2 Nh5 13. Bh2 f5 14. Rb1 {½-½ (46) Bocharov,D (2597)-Savchenko,B (2648) Serpukhov 2008}) 10. Qc2 Re8 11. O-O Nbd7 12. Rab1 a5 13. a3 {[%cal Ba2a3,Ba3b4,Bb4b5][%mdl 32]} Nf8 (13... Qa7 $11 {remains equal.}) 14. b4 axb4 15. axb4 Ra3 16. b5 {aiming for Bxf6.} Qa5 17. Rfc1 Ne6 18. Bh4 Nd7 19. Rb3 Ra1 20. Rxa1 Qxa1+ 21. Rb1 Qa3 22. Rb2 Nec5 (22... f5 $16 {was called for.}) 23. Ra2 ({Inferior is} 23. dxc5 Qxc3 24. Qxc3 Bxc3 $15) 23... Qb4 24. Rb2 $2 {[#]} (24. Bf1 $16) 24... Qa5 $2 ({Better is} 24... Qa3 $11 25. Be2 (25. dxc5 Qxc3 26. Qxc3 Bxc3 $15) 25... Qa5) 25. Ra2 (25. dxc5 Qxc3 26. Qxc3 Bxc3 $15) 25... Qb4 26. Bf1 $36 {[%mdl 2048] Black is under strong pressure.} Ne4 (26... Ne6 $16 27. Ra4 Qd6) 27. Nxe4 $18 dxe4 28. Nd2 Nb8 $2 {[#]} (28... Nb6 29. bxc6 bxc6 30. Nxe4 Bf5) 29. Ra8 ({Weaker is} 29. Nxe4 Bf5 $18) 29... Be6 30. Bg3 Qf8 31. Nxe4 Bf5 32. Bd3 Rd8 (32... Bxe4 $142 33. Bxe4 Rc8) 33. Bc7 Rc8 34. Bd6 (34. b6 $142 {Threatens to win with Nd6.} Bxe4 35. Bxe4) 34... Qd8 {Threatening ...Bxe4.} 35. Bxb8 Bf8 $2 (35... Bxe4 36. Bxe4 Rxb8 37. Rxb8 Qxb8 38. bxc6 bxc6 39. Qxc6 Bf8) 36. bxc6 {White is clearly winning.} Rxc6 37. Qb2 Rc8 38. Qxb7 {Accuracy: White = 57%, Black = 39%.} 1-0

[Event "VII Famalicao Open 2019"]
[Site "Famalicao"]
[Date "2019.07.31"]
[Round "6.4"]
[White "Vassallo Barroche, Mauricio"]
[Black "Rodrigues, Afonso"]
[Result "1-0"]
[WhiteElo "2380"]
[BlackElo "2134"]
[Annotator "TA"]
[PlyCount "72"]
[EventDate "2019.07.28"]
[EventType "swiss"]
[EventCountry "POR"]
[SourceTitle "playchess.com"]
[Source "ChessBase"]
[SourceQuality "1"]

{[%evp 9,72,22,32,38,48,28,35,25,27,28,24,31,37,34,27,33,37,20,20,34,31,16,27,-10,21,19,12,-34,0,0,20,13,18,10,31,4,33,23,42,43,75,79,87,-10,0,-36,-23,-51,0,0,0,0,156,0,0,0,29,36,187,180,567,566,29992,182,794]} 1. Nf3 Nf6 2. c4 c6 3. e3 d5 4. Qc2 a6 5. d4 g6 (5... Bg4 6. Nbd2 e6 7. Bd3 dxc4 8. Nxc4 Bxf3 9. gxf3 c5 10. dxc5 Bxc5 11. a3 b5 12. Ne5 Nbd7 13. Nxd7 Nxd7 {1-0 (39) Dreev,A (2667)-Laznicka,V (2679) Dubai 2014}) 6. Bd3 {D11: Slav Defence: 3 Nf3 sidelines and 3...Nf6 4 e3 Bg4} Bg7 7. O-O O-O 8. h3 {White is slightly better.} Be6 $146 ({Predecessor:} 8... dxc4 9. Qxc4 Nbd7 10. e4 Nb6 11. Qc2 Nfd7 12. a4 a5 13. Bf4 {0-1 (75) Dziuba,M (2556)-Handke,F (2496) ICC INT 2009}) 9. Nbd2 Qc8 10. b3 Bf5 11. Ba3 {And now Bxf5 would win.} Bxd3 12. Qxd3 Re8 13. cxd5 cxd5 14. Rac1 Qd8 15. Rc2 Nfd7 16. e4 e6 17. e5 Nc6 18. h4 Rc8 19. Rfc1 Bf8 20. Bxf8 Rxf8 21. Qe3 Kg7 22. h5 h6 23. Nf1 g5 24. N1h2 f5 25. exf6+ $1 Qxf6 26. Re1 ({White should try} 26. Ng4 $16 Qf7 27. Nge5 Ndxe5 28. Nxe5 Qxh5 29. Nxc6 bxc6 30. Qxe6) 26... Rce8 $11 27. Rce2 Qf7 28. Qd2 Qxh5 (28... Nf6 $1 $15) 29. Rxe6 Rxe6 30. Rxe6 {Hoping for g4.} Re8 $2 {[#]} (30... Qf7 $11 31. Re3 Nf6) 31. Rd6 $2 (31. g4 $1 $16 {[%cal Rg4h5]} Qxh2+ 32. Nxh2 Rxe6 33. f4 gxf4 34. Qxf4) 31... Nf6 32. Nf1 Qf7 {Threatens to win with ...Ne4.} (32... Ne4 $5 33. Rd7+ $8 Re7 34. Rxe7+ Nxe7 $11) 33. Ng3 $1 {Black must now prevent Nxg5!} Ne4 $2 (33... Qg6 $14) 34. Nxe4 $18 Rxe4 $2 {[#]} (34... dxe4 35. d5 exf3 36. dxc6 bxc6) 35. Nxg5 $1 {[%mdl 512]} Re8 (35... hxg5 36. Qxg5+) 36. Ne4 $2 (36. Nxf7 {mates} Re4 37. Nxh6 Kh7 38. Qg5 Re1+ 39. Kh2 Rh1+ 40. Kxh1 Ne7 41. Qxe7+ {[%mdl 64] Double Attack} Kh8 42. Rd8#) 36... dxe4 $2 {Accuracy: White = 47%, Black = 30%.} (36... Re6) 1-0

[Event "VII Famalicao Open 2019"]
[Site "Famalicao"]
[Date "2019.07.31"]
[Round "6.5"]
[White "Dantas, Carlos"]
[Black "Fidalgo, Andre Neves"]
[Result "0-1"]
[WhiteElo "2109"]
[BlackElo "2262"]
[Annotator "TA"]
[PlyCount "78"]
[EventDate "2019.07.28"]
[EventType "swiss"]
[EventCountry "POR"]
[SourceTitle "playchess.com"]
[Source "ChessBase"]
[SourceQuality "1"]

{[%evp 11,78,7,17,22,22,24,33,32,29,29,35,17,32,28,32,3,5,0,0,-7,-5,-13,-13,-25,-18,-39,-52,-55,-41,-41,-36,-66,-25,-39,-42,-108,-32,-28,-44,-48,0,-118,-127,-262,-255,-252,-206,-236,-206,-1109,-1066,-1164,-1012,-1855,-1838,-29987,-29988,-29991,-1899,-6310,-6327,-6203,-1361,-6195,-6170,-29996,-29997,-29997,-29996]} 1. e4 c5 2. Nf3 Nc6 3. Bb5 g6 4. O-O Bg7 5. Re1 Nf6 6. c3 a6 7. Bxc6 {B31: Sicilian: 2...Nc6 3 Bb5 g6} dxc6 8. d3 (8. d4 cxd4 9. cxd4 Bg4 10. Nbd2 O-O 11. h3 Be6 12. Nb3 a5 13. Bf4 b6 14. Rc1 Rc8 {1-0 (50) Arizmendi Martinez,J (2506)-Lagarde,M (2631) Skopje 2019}) 8... Bg4 9. h3 {White is slightly better.} Bxf3 10. Qxf3 Nd7 11. Bf4 e5 12. Be3 b6 $146 ({Predecessor:} 12... Qe7 13. Na3 O-O 14. Qe2 Rfe8 {0-1 (61) Vachier Lagrave,M (2198)-Glicenstein,A (2096) Amiens 2001}) 13. Na3 Nf8 14. Rad1 Ne6 15. Nc2 a5 16. a4 O-O 17. Qg3 Ra7 18. f4 exf4 19. Bxf4 Nxf4 20. Qxf4 Rd7 21. Qf1 Re8 22. Na3 h5 23. Nc4 (23. Kh1 $15) 23... Qc7 ({Black should try} 23... b5 $17 24. axb5 cxb5) 24. Nd2 $15 Qg3 25. Nf3 b5 26. d4 (26. axb5 $11 cxb5 27. d4) 26... bxa4 $17 27. Qc4 (27. Re2 $17) 27... Rb8 $19 28. Re2 Rdb7 29. Qa2 cxd4 30. Rxd4 $2 (30. Nxd4 Be5 31. Nf3) 30... Bxd4+ 31. cxd4 {[#]} a3 $1 32. Ne5 (32. Qxa3 Rb3) 32... axb2 {[%mdl 64] Overworked Piece} 33. Rxb2 Qe3+ {[%mdl 64] Double Attack} 34. Rf2 Rb1+ (34... h4 $142 35. Kh2 Qg3+ 36. Kg1 Rb1+ 37. Rf1 {[#]} Qe3+ $1 {[%mdl 576] Double Attack} 38. Kh2 Rxf1 39. Qxf7+ Rxf7 40. Nf3 Rxf3 41. gxf3 Qf2+ 42. Kh1 Rb1#) 35. Kh2 R8b3 {[%csl Gb3][%cal Re3g3]} 36. Rf3 Qg1+ 37. Kg3 R1b2 {( -> ...g5)} 38. Qxa5 Rxg2+ 39. Kh4 Rxf3 {Accuracy: White = 30%, Black = 68%.} 0-1

[Event "VII Famalicao Open 2019"]
[Site "Famalicao"]
[Date "2019.07.31"]
[Round "6.6"]
[White "Santos, Jose Guilherme B Lim"]
[Black "Guimaraes, Alvaro"]
[Result "1-0"]
[WhiteElo "2155"]
[BlackElo "1796"]
[Annotator "TA"]
[PlyCount "73"]
[EventDate "2019.07.28"]
[EventType "swiss"]
[EventCountry "POR"]
[SourceTitle "playchess.com"]
[Source "ChessBase"]
[SourceQuality "1"]

{[%evp 11,73,0,42,-2,22,7,12,6,6,6,6,2,28,35,29,31,45,41,110,110,110,91,150,115,128,136,137,140,272,256,336,343,347,348,361,349,360,289,300,237,230,222,213,233,246,154,173,160,252,247,224,232,235,225,222,229,601,618,592,599,1086,1056,987,930]} 1. e4 e6 2. d4 d5 3. Nc3 Nf6 4. Bg5 Bb4 5. e5 h6 6. Bd2 Nfd7 (6... Bxc3 $5 7. bxc3 (7. Bxc3 Ne4 $11) 7... Ne4 $11) 7. Nf3 {C12: French: Classical System: McCutcheon Variation} (7. Qg4 $5 {[%cal Rg4g7]} Kf8 8. Nf3 $14) 7... a6 8. Ne2 $146 ({Predecessor:} 8. a3 Be7 9. Bd3 c5 10. O-O Nc6 11. Be3 cxd4 12. Nxd4 Ndxe5 13. Nxc6 bxc6 14. Bd4 Bf6 15. Bxe5 Bxe5 {0-1 (50) Matasaru,S (1454)-Obada,E (1607) Calimanesti Caciulata 2016}) 8... Be7 9. g3 {The position is equal.} c5 10. c3 Nc6 11. Bg2 Qb6 12. Rb1 O-O 13. O-O cxd4 14. cxd4 f5 (14... Rd8 $14) 15. Nf4 $36 {[%mdl 2048] Keeping Black busy.} Nd8 16. Be3 Nb8 (16... Rf7 $142) 17. Bh3 Nbc6 18. Ng6 Rf7 19. g4 fxg4 (19... Kh7 $16 {was necessary.}) 20. Bxg4 $18 Bd7 21. Kh1 Be8 22. Rg1 Bf8 23. Bh3 Ne7 {And now ...Nxg6 would win.} 24. Nxe7+ Rxe7 25. Bxh6 Bh5 26. Be3 Rf7 27. Rg3 Be7 28. Bg2 Nc6 {[#]} 29. Qc2 $1 {Threatens to win with Ng5!} Raf8 {[#]} (29... Nb4 $16 {was worth a try.} 30. Qd2 Raf8) 30. Ng5 $1 Bxg5 31. Rxg5 Rf5 32. Rxf5 Rxf5 {[#]} 33. Bxd5 $1 {[%mdl 512] Strongly threatening Qxf5.} Bf3+ $2 (33... Ne7 34. Be4 Bf3+ 35. Bxf3 Rxf3) (33... exd5 34. Qxf5) 34. Bxf3 {White is clearly winning.} Rxf3 {[#]} 35. d5 $1 {[%mdl 64] Discovered Attack} Rxe3 (35... exd5 36. Bxb6) 36. dxc6 Rxe5 37. c7 {Accuracy: White = 69%, Black = 46%.} 1-0

[Event "VII Famalicao Open 2019"]
[Site "Famalicao"]
[Date "2019.07.31"]
[Round "6.8"]
[White "Monteiro, Paulo"]
[Black "Martinez Duany, Lelys Stanley"]
[Result "0-1"]
[WhiteElo "1737"]
[BlackElo "2535"]
[Annotator "TA"]
[PlyCount "64"]
[EventDate "2019.07.28"]
[EventType "swiss"]
[EventCountry "POR"]
[SourceTitle "playchess.com"]
[Source "ChessBase"]
[SourceQuality "1"]

{[%evp 10,64,13,13,13,6,6,7,12,13,15,-2,30,35,32,28,24,22,23,22,33,-18,10,18,15,21,9,0,0,0,27,-65,-54,-301,-291,-300,-297,-302,-289,-327,-310,-523,-540,-518,-522,-482,-379,-544,-541,-549,-531,-488,0,-490,-477,-461,-446]} 1. d4 Nf6 2. Nf3 e6 3. Bg5 c5 4. e3 Nc6 5. c3 d5 6. Bd3 Qb6 {[#] Strongly threatening ...c4. D03: 1 d4 d5 2 Nf3 Nf6 3 Bg5, including Torre Attack with early ...d5} (6... Bd6 7. Nbd2 cxd4 8. exd4 h6 9. Bh4 g5 10. Bg3 Nh5 11. Bxd6 Qxd6 12. O-O Nf4 13. Bb5 Bd7 14. Nb3 a6 15. Bd3 h5 16. Nc5 g4 17. Nh4 Nxd3 18. Qxd3 {0-1 (43) Kryakvin,D (2589)-Drygalov,S (2440) Cheliabinsk 2018}) 7. Qc2 Bd7 8. Nbd2 Rc8 {The position is equal.} 9. Qb3 h6 $146 ({Predecessor:} 9... Qxb3 10. axb3 cxd4 11. exd4 Bd6 12. O-O a6 13. Rfe1 {½-½ (42) Forchert,N (2191)-Niermann,R (2105) Germany 2011}) 10. Bf4 c4 (10... Nb4 {looks sharper.} 11. Bf1 c4 12. Qd1 Nd3+ 13. Bxd3 cxd3 14. Nb3 Bb5) 11. Qxb6 axb6 12. Bc2 b5 13. a3 Ra8 14. O-O Be7 15. Ne5 ({Better is} 15. h3 $14) 15... Nxe5 16. Bxe5 Bc6 17. f3 O-O 18. g4 Nd7 19. Bg3 Ra6 20. Rf2 (20. Rab1 $11) 20... b4 $1 $15 {[%cal Bb5b4,Bb4b3][%mdl 32]} 21. a4 $2 (21. cxb4 $15 Bxb4 22. e4) 21... b3 $19 22. Bb1 Nb6 ({Less strong is} 22... Bxa4 23. e4 $17) ({Weaker is} 22... Rxa4 23. Rxa4 Bxa4 24. e4 $17) 23. a5 Na4 24. Nf1 Rxa5 25. Re2 $2 {[#]} (25. e4) 25... Nxc3 $1 {[%mdl 576] Discovered Attack} 26. Rxa5 (26. bxc3 Rxa1) 26... Nxe2+ 27. Kf2 Nxg3 28. hxg3 (28. Nxg3 $142 Re8 29. Ne2) 28... Rb8 29. Ra7 Bb5 30. Ra5 Bc6 31. Ra7 Bd8 32. Ke2 Bb5 {Accuracy: White = 36%, Black = 71%.} 0-1

[Event "VII Famalicao Open 2019"]
[Site "Famalicao"]
[Date "2019.07.31"]
[Round "6.9"]
[White "Galego, Luis"]
[Black "Fidalgo, Daniel"]
[Result "1-0"]
[WhiteElo "2513"]
[BlackElo "2087"]
[Annotator "TA"]
[PlyCount "53"]
[EventDate "2019.07.28"]
[EventType "swiss"]
[EventCountry "POR"]
[SourceTitle "playchess.com"]
[Source "ChessBase"]
[SourceQuality "1"]

{[%evp 15,53,11,11,14,30,32,37,26,31,23,29,37,33,0,47,19,27,33,24,14,67,47,59,76,61,77,66,58,50,67,135,133,136,137,187,185,277,267,276,290]} 1. e4 e6 2. Nf3 d5 3. exd5 exd5 4. d4 Bd6 5. h3 h6 6. c4 dxc4 7. Bxc4 Nf6 8. O-O O-O 9. Ne5 {D20: Queen's Gambit Accepted: 3 e3 and 3 e4} (9. Nc3 Nc6 10. Re1 Bf5 11. Bd2 a6 12. a3 Bh7 13. d5 Ne7 14. Be3 Nf5 15. Bd4 Nxd4 16. Qxd4 Re8 17. Bd3 Bxd3 18. Qxd3 {½-½ (33) Muzychuk,M (2529)-Dzagnidze,N (2570) Beijing 2014}) 9... Nbd7 10. Bf4 Nb6 11. Bb3 {White is slightly better.} Nbd5 12. Bg3 Be6 $146 ({Predecessor:} 12... c6 13. Nd2 Bf5 14. Re1 Re8 15. Qf3 Be6 16. a3 Nc7 17. Bc2 Bd5 18. Qd3 Ne6 19. Bh4 Nf4 20. Qf5 Nxg2 21. Bxf6 Qxf6 22. Qh7+ Kf8 {1-0 (22) Toniutti,E (2162)-Viana,D (2275) Mar del Plata 2012}) 13. Re1 c6 14. Nd2 Rc8 15. a3 Bb8 16. Bh4 Nf4 17. Bxe6 Nxe6 (17... fxe6 $11 18. Ndf3 Qd5) 18. Bxf6 Qxf6 19. Nd7 $1 {[%csl LRf6,LRf8][%cal Rd7f6]} Qf4 {[#] ( -> ...Qh2+)} 20. g3 Qxd4 21. Nxf8 Rxf8 22. Nf3 $36 {[%mdl 2048] White has some pressure.} Qb6 (22... Qxb2 $14 23. Rb1 Qxa3) 23. Kg2 $16 Rd8 24. Qe2 Rd5 25. Rad1 Rf5 (25... Bd6 {was necessary.} 26. Rxd5 cxd5) 26. Rd7 $18 Rf6 27. Qd3 {Accuracy: White = 80%, Black = 39%.} 1-0

[Event "VII Famalicao Open 2019"]
[Site "Famalicao"]
[Date "2019.07.31"]
[Round "6.10"]
[White "Campora, Daniel H."]
[Black "Romano, Joao"]
[Result "1-0"]
[WhiteElo "2420"]
[BlackElo "2053"]
[Annotator "TA"]
[PlyCount "97"]
[EventDate "2019.07.28"]
[EventType "swiss"]
[EventCountry "POR"]
[SourceTitle "playchess.com"]
[Source "ChessBase"]
[SourceQuality "1"]

{[%evp 12,97,20,6,7,2,14,0,6,0,0,0,17,0,0,0,0,0,0,-3,5,6,8,4,8,4,16,10,17,12,17,-22,-13,-27,-24,-34,-36,-97,-36,-39,0,-17,0,6,6,0,7,2,14,18,21,-33,0,-94,-64,-65,0,0,0,0,0,0,0,0,67,59,131,60,48,65,45,0,0,0,213,215,426,425,491,494,660,657,1495,1330,1160,618,612,562]} 1. e4 e5 2. Nf3 Nc6 3. Bb5 Nf6 4. d3 Bc5 5. c3 d6 6. O-O O-O 7. h3 Ne7 {C65: Ruy Lopez: Berlin Defence (3...Nf6), unusual lines and 4 0-0 Bc5} 8. d4 Bb6 9. Bd3 Ng6 {The position is equal.} 10. Re1 Re8 11. Nbd2 c6 12. Qc2 Nh5 13. Nc4 {[#]} Bc7 $146 ({Predecessor:} 13... Nhf4 14. Bf1 Bc7 15. Be3 {1-0 (49) Movsesian,S (2679)-Ghaem Maghami,E (2566) Moscow 2017}) 14. dxe5 dxe5 15. Bg5 Nf6 16. Rad1 h6 17. Bf1 Qe7 18. Bc1 Be6 19. Ne3 Rad8 20. Nf5 Bxf5 21. exf5 Rxd1 22. Qxd1 Nf8 $1 23. Qb3 e4 24. g3 (24. Nd4 $15) 24... Qd7 (24... Bb6 $17) 25. Nh4 b5 26. a4 a6 27. axb5 axb5 28. Rd1 Qe7 29. c4 b4 {[#]} 30. c5 $1 {[%mdl 512]} Nd5 (30... Qxc5 31. Be3) 31. Be3 (31. Bc4 $11) 31... Nd7 32. Bc4 (32. Rxd5 $1 $11 cxd5 33. Qxd5) 32... N7f6 33. Ng2 Qd7 (33... Be5 $15) 34. Bd4 Qxf5 35. Bxf6 $1 Qxf6 36. Bxd5 cxd5 37. Rxd5 Ra8 ({Better is} 37... Qf3 $11 38. Qe3 (38. Qxb4 $2 e3 $19 {[%mdl 64] Discovered Attack}) 38... b3) 38. Rd1 $14 Be5 (38... Ra5 $14) 39. Ne3 ({White should try} 39. Qxb4 $16 Qc6 40. Ne3) 39... Qf3 $1 {aiming for ...Bxg3!} 40. Qd5 {[%mdl 64] Double Attack} Re8 {And now ...Bxg3! would win.} 41. Nf1 Bxb2 42. c6 {Strongly threatening c7.} Bf6 $2 {[#]} (42... Be5 $11) 43. Qd7 $1 $18 {[%cal Rd7e8][%mdl 1024] White has strong compensation.} Rf8 $2 (43... Re7 44. c7 Rxd7 45. c8=Q+ {[%mdl 64] Double Attack} (45. Rxd7 Qc3 $11) 45... Rd8 46. Rxd8+ Bxd8) 44. c7 {White is clearly winning.} Qc3 {[#] Hoping for ...Be5.} 45. Rd6 $1 b3 46. Rc6 Qxc6 47. Qxc6 b2 48. c8=Q b1=Q 49. Q8b7 1-0

[Event "VII Famalicao Open 2019"]
[Site "Famalicao"]
[Date "2019.07.31"]
[Round "6.11"]
[White "Pinho, Paulo"]
[Black "Garijo Perez, Hugo"]
[Result "1/2-1/2"]
[WhiteElo "2200"]
[BlackElo "1648"]
[Annotator "TA"]
[PlyCount "88"]
[EventDate "2019.07.28"]
[EventType "swiss"]
[EventCountry "POR"]
[SourceTitle "playchess.com"]
[Source "ChessBase"]
[SourceQuality "1"]

{[%evp 16,88,23,20,49,34,87,75,116,111,129,154,228,80,148,151,233,143,139,129,128,135,129,130,137,137,134,116,127,120,138,129,140,124,127,128,156,107,145,77,35,52,56,27,9,13,50,59,146,140,223,47,84,73,80,76,75,57,75,8,67,0,0,-8,4,-8,-8,-8,2,5,18,18,18,4,18]} 1. d4 Nf6 2. c4 e6 3. Nf3 d5 4. g3 Be7 5. Bg2 c6 6. O-O O-O 7. b3 Nbd7 8. Nc3 Re8 9. Qc2 Bd6 {E07: Closed Catalan: Main Line (5 Nf3 0-0 6 0-0 Nbd7)} (9... Nf8 10. e4 dxe4 11. Nxe4 Nxe4 12. Qxe4 Bf6 13. Bb2 Ng6 14. c5 a5 15. Rfd1 a4 16. b4 a3 17. Bc3 Ne7 18. Rab1 Nd5 19. Bd2 Nc7 20. Rb3 Nb5 21. Be3 Qd5 22. Qc2 Qf5 23. Qd2 Rd8 24. Rd3 e5 25. Bg5 Bxg5 26. Nxg5 f6 27. Nf3 {½-½ (27) Petrov,J (2400)-Hodak,S (2214) Sibenik 2016}) 10. Rd1 Bb8 $146 (10... b6 $14) ({Predecessor:} 10... Qe7 11. Bg5 h6 12. Bxf6 Nxf6 13. e4 dxe4 14. Nxe4 Nxe4 15. Qxe4 e5 16. dxe5 f6 {½-½ (26) Andrade Truyol,G (2001)-Salcedo,P (2227) Ibague 2017}) 11. Bb2 b6 {White is better.} 12. e4 dxe4 13. Ne5 Qc7 (13... Bb7 $16 {is a better defense.} 14. Nxe4 Bxe5) 14. Nxc6 (14. Nxe4 $18 {is the precise move to win.} Nxe4 15. Bxe4 Nxe5 16. dxe5 (16. Bxh7+ Kh8 $16)) 14... Bb7 (14... Qxc6 $142 15. Nxe4 {[#]} Nd5 $1 {[%mdl 512]}) 15. Nxb8 $16 Raxb8 (15... Qxb8 $16 16. Nxe4 Nxe4) 16. Nxe4 Nxe4 17. Bxe4 Nf6 18. Bxb7 Qxb7 {[#]} 19. d5 $1 {[%mdl 512]} Nd7 (19... exd5 20. Bxf6) 20. b4 exd5 21. Rxd5 Rbc8 {...Qxd5! is the strong threat.} 22. Rad1 Nf8 23. Qc3 {[%csl Gb2][%cal Rc3g7]} f6 24. h4 Qa6 25. R5d4 b5 {[%cal Rb5c4]} 26. Rc1 bxc4 27. a4 (27. Rxc4 $142 Qxc4 28. Qxc4+ Rxc4 29. Rxc4) 27... Re2 28. Rc2 Qe6 $1 29. Kf1 Rxc2 30. Qxc2 Ng6 31. Bc3 Ne5 (31... Qc6 $14 32. Qe4 Qxe4 33. Rxe4 Kf7) 32. Qe4 Qc6 (32... Kh8 $16 33. Rd5 h6) 33. Qd5+ $2 (33. Qxc6 $18 Rxc6 34. Rd8+ Kf7 35. f4) 33... Qxd5 $14 34. Rxd5 {[%mdl 4096] Endgame KRB-KRN} Nd3 35. Ke2 Rc7 36. b5 Kf7 37. f3 (37. Rd4 $16) 37... Ke6 ({Better is} 37... Nc5 $1 $11) 38. Rd8 (38. Rd4 $1 $14) 38... Nc5 $1 $11 {The position is equal.} 39. Ba5 Rb7 40. Re8+ Kd5 41. Rd8+ Ke6 42. Rd4 Nxa4 (42... Nb3 $5 43. Re4+ $8 Kd5 $11) 43. Rxc4 Nb6 $1 {[%cal Rb6c4]} 44. Rc6+ Ke5 {Accuracy: White = 38%, Black = 33%.} 1/2-1/2

[Event "VII Famalicao Open 2019"]
[Site "Famalicao"]
[Date "2019.07.31"]
[Round "6.12"]
[White "Demyanchuk, Sergey"]
[Black "Fernandes, Antonio"]
[Result "0-1"]
[WhiteElo "1836"]
[BlackElo "2376"]
[Annotator "TA"]
[PlyCount "54"]
[EventDate "2019.07.28"]
[EventType "swiss"]
[EventCountry "POR"]
[SourceTitle "playchess.com"]
[Source "ChessBase"]
[SourceQuality "1"]

{[%evp 9,138,3,-6,-39,-44,-56,-54,-67,0,0,4,-68,-33,-79,-52,-72,-58,-93,-106,-124,-120,-151,-159,-157,-164,-154,-151,-245,-245,-239,-241,-246,-250,-245,-188,-197,-198,-196,-193,-185,-194,-192,-160,-218,-197,-197,-197,-197,-197,-197,-175,-206,-206,-207,-207,-207,-206,-206,-197,-202,-168,-168,-168,-168,-168,-168,-168,-189,-168,-189,-189,-189,-168,-178,-168,-168,-144,-308,-308,-308,-308,-308,-308,-301,-295,-308,-258,-357,-308,-357,-357,-504,-496,-608,-603,-597,-592,-575,-535,-996,-984,-977,-976,-937,-891,-962,-969,-1182,-1147,-29981,-29982,-29980,-29983,-29987,-29987,-29992,-29993,-29993,-29994,-29994,-29995,-29995,-29994,-29994,-29993,-29994,-29995,-29995,-29995,-29995,-29995]} 1. e4 c5 2. d4 cxd4 3. c3 Nf6 4. e5 Nd5 5. cxd4 d6 6. Nc3 {B22: Sicilian: 2 c3} (6. Nf3 Nc6 7. Bc4 Nb6 8. Bb5 dxe5 9. Nxe5 Bd7 10. Nxd7 Qxd7 11. Nc3 e6 12. O-O Rd8 13. Be3 Be7 14. Qb3 O-O 15. Rad1 Qd6 16. a3 Na5 17. Qa2 Nd5 18. Be2 Nc6 19. Nxd5 exd5 20. g3 {½-½ (57) Boruchovsky,A (2558)-Yilmaz,M (2624) Rio Achaea 2018}) 6... Nxc3 7. bxc3 dxe5 $1 8. dxe5 {Black is slightly better.} Qa5 (8... Qxd1+ $15 9. Kxd1 Nc6) 9. Nf3 $11 Nc6 10. Bd2 $146 ({White should play} 10. Qb3 $11) ({Predecessor:} 10. Qb3 Be6 11. Qa3 Qxa3 12. Bxa3 Bd5 13. Be2 O-O-O 14. Bc5 e6 15. Be3 {1-0 (37) Hofbauer,P (2071)-Nielsen,M (2252) Oberwart 2000}) 10... Nxe5 11. Be2 g6 12. O-O Bg7 13. c4 Qc7 14. Rc1 O-O 15. Re1 Rd8 16. h3 Bf5 17. Nxe5 Bxe5 18. Bf3 (18. Bg4 $17) 18... Bb2 $19 19. Qe2 Bxc1 20. Bxc1 Be6 21. Bh6 {[#] Qb2 is the strong threat.} Bxc4 22. Qb2 {[%csl Gh6][%cal Rb2g7]} f6 {aiming for ...Bd5.} 23. Qxb7 Qxb7 24. Bxb7 Rab8 ({Don't play} 24... Bxa2 25. Bxa8 Rxa8 26. Rxe7 $17) 25. Rxe7 Bf7 26. Ba6 (26. a4 $17) 26... Rb4 {Threatens to win with ...g5.} 27. Be3 Bxa2 {Played: Rb4-a4} 0-1